Investigación de demandas de agua en Teculutan, Zacapa
Na minha lista:
| Autor principal: | |
|---|---|
| Formato: | Livro |
| Idioma: | Spanish |
| Publicado em: |
Guatemala : Universidad de San Carlos de Guatemala, Facultad de Ingeniería
1970
|
| Tags: |
Adicionar Tag
Sem tags, seja o primeiro a adicionar uma tag!
|
MARC
| LEADER | 00000nam a2200000Ia 4500 | ||
|---|---|---|---|
| 003 | 003317 | ||
| 005 | 20221231143955.0 | ||
| 008 | 140114s1970 gt a 000 ||spa d | ||
| 040 | |c cru CEDI | ||
| 082 | |a 333.912 M729i | ||
| 100 | |a De Dios Moller, Víctor Hugo |9 21675 | ||
| 245 | |a Investigación de demandas de agua en Teculutan, Zacapa | ||
| 260 | |a Guatemala : Universidad de San Carlos de Guatemala, Facultad de Ingeniería |c 1970 | ||
| 300 | |a 44 [60] páginas:ilustraciones | ||
| 500 | |a Tesis (Ingeniero Civil) Universidad de San Carlos de Guatemala. Facultad de Ingeniería | ||
| 942 | |2 ddc |c BK | ||
| 999 | |c 15028 |d 15028 | ||
